000 00559nam a2200229Ia 4500
003 OSt
005 20221005121643.0
006 a|||||r|||| 00| 0
007 ta
008 221004b |||||||| |||| 00| 0 eng d
024 _a64885
037 _cTextual
040 _aCRL
_cCRL
_beng
041 _2eng
_aeng
082 _aXwM77, G8
100 _aMuhlen Norbert
_9112454
245 0 _aHitler's magician
_b Schacht
260 _c1938
650 _aECONOMICS
942 _hXwM77, G8
_cTEXL
_2cc
999 _c1041831
_d1041831